[Event "Campionato Provinciale Zevio 2020"]
[Site "?"]
[Date "2020.01.25"]
[Round "3.4"]
[White "Jimchi, Abdelaziz"]
[Black "Malni, Riccardo"]
[Result "1/2-1/2"]
[WhiteElo "1758"]
[BlackElo "1938"]
[PlyCount "145"]
[EventDate "2020.??.??"]

1. d4 Nf6 2. Nf3 b6 3. e3 Bb7 4. b3 g6 5. Bb2 Bg7 6. Nbd2 O-O 7. c4 d6 8. Be2
Nbd7 9. O-O Ne4 10. Qc2 Nxd2 11. Nxd2 e5 12. Bf3 Bxf3 13. Nxf3 Qe7 14. dxe5
Nxe5 15. Nxe5 Bxe5 16. Bxe5 Qxe5 17. Rad1 Rae8 18. Qd2 Re7 19. Qd5 Qb2 20. Rd2
Qa3 21. Qb7 a5 22. Rb1 Qb4 23. Rd5 Qa3 24. Rd2 Rfe8 25. Qc6 Qc5 26. Qxc5 bxc5
27. Kf1 f5 28. g3 Kf7 29. Ke2 Kf6 30. h4 h6 31. Kd3 Rh8 32. Re1 Ra8 33. Rde2 a4
34. e4 axb3 35. axb3 Ra3 36. Kc3 Rxe4 37. Rxe4 fxe4 38. Rxe4 Ra2 39. Rf4+ Kg7
40. Rf3 Re2 41. Kd3 Rb2 42. Kc3 Rb1 43. Kc2 Rf1 44. Kd3 g5 45. hxg5 hxg5 46.
Ke2 Rb1 47. Re3 Kf6 48. Kf3 Rd1 49. Ke2 Rd4 50. Re8 d5 51. cxd5 Rxd5 52. Rc8
Rd7 53. Rf8+ Ke5 54. f4+ gxf4 55. Rxf4 Rh7 56. Kd3 Rg7 57. Re4+ Kd5 58. g4 Rg8
59. b4 Ra8 60. Rf4 Ra3+ 61. Kc2 cxb4 62. Rxb4 c5 63. Rf4 Rg3 64. Rf5+ Kc4 65.
Rf4+ Kb5 66. Re4 c4 67. Re8 Rxg4 68. Rb8+ Kc5 69. Rc8+ Kd4 70. Rd8+ Ke3 71. Kc3
Re4 72. Rd7 Kf4 73. Rd5 1/2-1/2

[Event "Campionato Provinciale Zevio 2020"]
[Site "?"]
[Date "2020.01.25"]
[Round "3.5"]
[White "Macalello, Angelo"]
[Black "Righi, Francesco"]
[Result "0-1"]
[WhiteElo "1616"]
[BlackElo "1806"]
[PlyCount "104"]
[EventDate "2020.??.??"]

1. f4 d5 2. Nf3 c5 3. e3 Nc6 4. Bb5 Bd7 5. O-O e6 6. Nc3 Nge7 7. Bxc6 Nxc6 8.
Ne5 Be7 9. d4 O-O 10. Ne2 f6 11. Nxc6 Bxc6 12. Rf3 Qc7 13. c3 Bb5 14. Ng3 Rad8
15. Nh1 e5 16. Rh3 Bd7 17. g4 cxd4 18. exd4 exf4 19. Nf2 Bd6 20. Qd3 g6 21. Rh6
Rf7 22. Bd2 Re8 23. Rf1 Qb6 24. b3 f5 25. g5 Qd8 26. h4 Bf8 27. Qh3 Bb5 28. Rc1
Qd6 29. Qh2 f3 30. Bf4 Qe6 31. Be5 Bg7 32. Re1 Be2 33. h5 Bxe5 34. dxe5 Qxe5
35. Qxe5 Rxe5 36. hxg6 hxg6 37. Nh3 Re4 38. Kf2 Rg4 39. Rg1 Kg7 40. Rg3 Rc7 41.
Rxg4 fxg4 42. Ng1 Ba6 43. Rh4 Rxc3 44. Rxg4 Rc2+ 45. Kxf3 Rxa2 46. Rb4 b6 47.
Ke3 Kf7 48. Ra4 Rxa4 49. bxa4 Ke6 50. Kd4 b5 51. axb5 Bxb5 52. Nf3 Bc4 0-1

[Event "Campionato Provinciale Zevio 2020"]
[Site "?"]
[Date "2020.01.25"]
[Round "3.6"]
[White "Goldoni, Claudio"]
[Black "Marcori, Mirko"]
[Result "1-0"]
[WhiteElo "1825"]
[BlackElo "1649"]
[PlyCount "69"]
[EventDate "2020.??.??"]

1. e4 c5 2. Nf3 Nf6 3. e5 Nd5 4. c4 Nb6 5. d4 Na6 6. d5 d6 7. Bd3 Bg4 8. Bf4
Nb4 9. Nc3 Nxd3+ 10. Qxd3 Bxf3 11. gxf3 dxe5 12. Bxe5 f6 13. Bg3 a6 14. O-O-O
Nc8 15. Rhe1 Kf7 16. Qe3 Qd7 17. Qxc5 g6 18. Re6 h5 19. h4 Bh6+ 20. Kb1 Re8 21.
Rde1 Bf8 22. Ne4 b6 23. Qd4 Bg7 24. c5 bxc5 25. Nxc5 Qb5 26. a4 Qa5 27. Nb7
Qxe1+ 28. Rxe1 f5 29. Be5 Bxe5 30. Qxe5 Nd6 31. Qe6+ Kf8 32. Nxd6 exd6 33. Qf6+
Kg8 34. Qxg6+ Kf8 35. Qf6+ 1-0

[Event "Campionato Provinciale Zevio 2020"]
[Site "?"]
[Date "2020.01.25"]
[Round "3.9"]
[White "Nori, Marco"]
[Black "Rizzati, Aldo"]
[Result "1-0"]
[WhiteElo "1456"]
[BlackElo "1744"]
[PlyCount "113"]
[EventDate "2020.??.??"]

1. c4 e5 2. Nc3 Nf6 3. Nf3 d6 4. d3 Nc6 5. e4 Bg4 6. Be2 Be7 7. O-O O-O 8. Be3
Re8 9. Rb1 Bf8 10. b4 b6 11. h3 Bh5 12. b5 Nb8 13. Nh2 Bxe2 14. Qxe2 a6 15. a4
axb5 16. axb5 Nbd7 17. f4 Ra3 18. Qb2 Qa8 19. Ra1 Rxa1 20. Rxa1 Qb7 21. f5 Ra8
22. Nf3 Nc5 23. Rxa8 Qxa8 24. Bxc5 bxc5 25. Nh2 g6 26. fxg6 hxg6 27. Nf1 Bh6
28. Kh2 Nh5 29. Nd5 Qd8 30. Qf2 Nf4 31. Nxf4 Bxf4+ 32. g3 Bh6 33. Ne3 Bg7 34.
Nd5 Kf8 35. h4 Qd7 36. Qa2 Kg8 37. Qf2 f5 38. exf5 gxf5 39. Qf3 Qf7 40. Qxf5
Qxf5 41. Ne7+ Kf7 42. Nxf5 Bf6 43. Kh3 Ke6 44. Ne3 Kd7 45. g4 c6 46. bxc6+ Kxc6
47. Nd5 Bg7 48. g5 Kd7 49. Kg4 Ke6 50. h5 e4 51. dxe4 Bb2 52. g6 Bc1 53. Kf3
Bh6 54. Nc7+ Kd7 55. Nd5 Ke6 56. Ne3 Bg7 57. Nf5 1-0

[Event "Campionato Provinciale Zevio 2020"]
[Site "?"]
[Date "2020.01.25"]
[Round "3.10"]
[White "Gneo, Marco"]
[Black "Pisani, Valerio"]
[Result "1-0"]
[WhiteElo "1724"]
[BlackElo "1632"]
[PlyCount "57"]
[EventDate "2020.??.??"]

1. d4 Nf6 2. Nf3 d5 3. g3 Bf5 4. Bg2 e6 5. O-O Bd6 6. c4 c6 7. c5 Be7 8. Nc3 h6
9. b4 Ne4 10. Nxe4 Bxe4 11. a4 O-O 12. Bf4 a6 13. Qb3 g5 14. Bd2 Nd7 15. Ne1
Nf6 16. f3 Bg6 17. Nd3 Nd7 18. e4 dxe4 19. fxe4 Nf6 20. d5 exd5 21. exd5 Nxd5
22. Ne5 Kh7 23. Rad1 a5 24. Nxg6 fxg6 25. Rxf8 Qxf8 26. Bxd5 cxd5 27. Qxd5 axb4
28. Rf1 Bxc5+ 29. Kg2 1-0

[Event "Campionato Provinciale Zevio 2020"]
[Site "?"]
[Date "2020.01.25"]
[Round "3.11"]
[White "Prealta, Fiorenzo"]
[Black "Adami, Antonio"]
[Result "0-1"]
[WhiteElo "1139"]
[BlackElo "1717"]
[PlyCount "62"]
[EventDate "2020.??.??"]

1. d4 d5 2. c4 c6 3. e3 Nf6 4. Nc3 Bf5 5. Be2 e6 6. c5 Be7 7. h3 h6 8. b4 O-O
9. Bd3 Bxd3 10. Qxd3 Nbd7 11. a4 e5 12. Nge2 Re8 13. e4 exd4 14. Nxd4 dxe4 15.
Qe2 Qc7 16. Be3 Ne5 17. Rd1 Nd3+ 18. Rxd3 exd3 19. Qxd3 Rad8 20. O-O Nd5 21.
Nxd5 Rxd5 22. Qc3 Bf6 23. Qc4 Bxd4 24. Bxd4 Re4 25. Qb3 Rdxd4 26. g3 Rxb4 27.
Qc2 Rxa4 28. Rd1 Rac4 29. Qd3 Red4 30. Qe2 Rxd1+ 31. Qxd1 Rxc5 0-1

[Event "Campionato Provinciale Zevio 2020"]
[Site "?"]
[Date "2020.01.25"]
[Round "3.12"]
[White "Zanaglia, Renato"]
[Black "Gemma, Stefano"]
[Result "0-1"]
[WhiteElo "1704"]
[BlackElo "1558"]
[PlyCount "78"]
[EventDate "2020.??.??"]

1. d4 d5 2. Nf3 Nf6 3. Bg5 g6 4. e3 Bg7 5. c4 O-O 6. Nc3 c6 7. Rc1 Qa5 8. h3
Re8 9. Be2 Ne4 10. Bf4 Nxc3 11. Rxc3 Qxa2 12. Qc1 Qa5 13. O-O Bf5 14. cxd5 Qxd5
15. Bc4 Qd7 16. Rd1 Be4 17. Ne5 Bxe5 18. dxe5 Qc8 19. e6 f6 20. Bxb8 Rxb8 21.
f3 Bf5 22. Rd7 g5 23. e4 Bg6 24. h4 h6 25. Kf2 Kh7 26. hxg5 hxg5 27. Qe3 b5 28.
Bd5 Rb6 29. Qc5 Qb8 30. Rxe7+ Kh6 31. Ba2 b4 32. Rc1 Qf4 33. Rxe8 Qd2+ 34. Kg1
Bxe8 35. Qf8+ Kh7 36. Qc5 b3 37. Bb1 Qb4 38. e5+ Kg7 39. Qe7+ Qxe7 0-1

[Event "Campionato Provinciale Zevio 2020"]
[Site "?"]
[Date "2020.01.25"]
[Round "3.13"]
[White "Negro, Raffaele"]
[Black "Margareci, Massimo"]
[Result "0-1"]
[WhiteElo "1809"]
[BlackElo "1601"]
[PlyCount "47"]
[EventDate "2020.??.??"]

1. d4 Nf6 2. Bf4 g6 3. Nf3 Bg7 4. Nc3 d6 5. e4 O-O 6. Qd2 Bg4 7. Bh6 Bxf3 8.
gxf3 c5 9. d5 Nbd7 10. h4 Ne5 11. Be2 Qa5 12. Bxg7 Kxg7 13. h5 Rh8 14. h6+ Kf8
15. f4 Ned7 16. O-O-O a6 17. f5 Ne5 18. f4 Ned7 19. fxg6 fxg6 20. e5 dxe5 21.
fxe5 Nxe5 22. Qf4 Ned7 23. d6 e5 24. Nd5 0-1

[Event "Campionato Provinciale Zevio 2020"]
[Site "?"]
[Date "2020.01.25"]
[Round "3.14"]
[White "Leone, Cataldo"]
[Black "Zonta, Riccardo"]
[Result "1/2-1/2"]
[WhiteElo "1503"]
[BlackElo "1488"]
[PlyCount "51"]
[EventDate "2020.??.??"]

1. e4 d5 2. exd5 Qxd5 3. Nc3 Qd8 4. d4 g6 5. Bf4 c6 6. Nf3 Bg4 7. Be2 Nf6 8. h3
Bxf3 9. Bxf3 Bg7 10. O-O O-O 11. Qd2 Nbd7 12. Rad1 e6 13. Rfe1 Nb6 14. b3 Re8
15. Ne4 Nxe4 16. Bxe4 Nd5 17. Bh6 Nf6 18. Bxg7 Kxg7 19. c4 Nxe4 $11 20. Rxe4
Qd7 21. Rh4 h5 22. Qg5 f6 23. Qg3 Rh8 24. Re4 Rae8 25. Rde1 Kf7 26. Qf3 1/2-1/2

[Event "Campionato Provinciale Zevio 2020"]
[Site "?"]
[Date "2020.01.25"]
[Round "3.15"]
[White "Jirillo, Antonio"]
[Black "Lissandrini, Lisa"]
[Result "0-1"]
[WhiteElo "1503"]
[BlackElo "1440"]
[PlyCount "124"]
[EventDate "2020.??.??"]

1. f4 d5 2. Nf3 e6 3. e3 Nf6 4. b3 c5 5. Bb2 Nc6 6. Be2 Bd6 7. O-O Qe7 8. d4
cxd4 9. Nxd4 Ne4 10. Nd2 Nxd2 11. Qxd2 O-O 12. Nxc6 bxc6 13. Bd3 e5 14. f5 e4
15. Bxg7 exd3 16. Bxf8 Kxf8 17. cxd3 Qe5 18. g4 Qg7 19. Qg2 Ba6 20. Rfd1 Bxd3
21. Rac1 Be4 22. Qh3 Bxf5 23. Rxc6 Bxg4 24. Qg2 Bxd1 25. Rxd6 Qxg2+ 26. Kxg2
Bc2 27. Kg3 Be4 28. Kf4 Rc8 29. Ke5 Ke7 30. Ra6 Rc7 31. h4 h5 32. Rh6 Bf3 33.
Rf6 Be4 34. Rh6 Rc2 35. Ra6 Rc7 36. Rh6 Bg6 37. Rh8 Rd7 38. Rb8 Rd8 39. Rb7+
Rd7 40. Rb8 f6+ 41. Kd4 Ke6 42. Rg8 Kf7 43. Rb8 Re7 44. Kxd5 Rxe3 45. Rb7+ Re7
46. Rb4 Re5+ 47. Kd6 Be4 48. Ra4 Re6+ 49. Kc5 a6 50. Rd4 f5 51. Rd7+ Kf6 52.
Kd4 Bc6 53. Rh7 Kg6 54. Ra7 Bf3 55. Rc7 Re4+ 56. Kc5 Rxh4 57. Kb6 Be2 58. Rc2
Re4 59. Rc1 h4 60. Kc5 h3 61. Kd5 h2 62. Rh1 Rh4 0-1

[Event "Campionato Provinciale Zevio 2020"]
[Site "?"]
[Date "2020.01.25"]
[Round "3.16"]
[White "Venturini, Valter"]
[Black "Pompele, Andrea"]
[Result "1/2-1/2"]
[WhiteElo "1193"]
[BlackElo "1456"]
[PlyCount "64"]
[EventDate "2020.??.??"]

1. b3 d5 2. Bb2 Nf6 3. e3 c5 4. Bb5+ Bd7 5. Bxd7+ Qxd7 6. Nf3 Nc6 7. a3 e6 8.
O-O Be7 9. Nc3 O-O 10. Ne2 Ne4 11. d3 Ng5 12. Ne5 Nxe5 13. Bxe5 f6 14. Bb2 e5
15. f4 Ne6 16. fxe5 fxe5 17. Rxf8+ Rxf8 18. Bxe5 Bg5 19. e4 Be3+ 20. Kh1 Ng5
21. Ng3 Qe6 22. Bb2 dxe4 23. Qe2 exd3 24. cxd3 Rf2 25. Qd1 Rxb2 26. h4 Qe5 27.
Qg4 Ne6 28. Nf5 Nf4 29. Nh6+ Kf8 30. Qc8+ Ke7 31. Qxb7+ Ke6 32. Qc6+ Ke7
1/2-1/2

[Event "Campionato Provinciale Zevio 2020"]
[Site "?"]
[Date "2020.01.26"]
[Round "4.1"]
[White "Pieropan, Giorgio"]
[Black "Zanchetta, Nicola"]
[Result "1/2-1/2"]
[WhiteElo "1801"]
[BlackElo "2110"]
[PlyCount "45"]
[EventDate "2020.??.??"]

1. e4 $11 c5 2. Nf3 e6 3. c3 d5 4. exd5 Qxd5 5. Bb5+ Bd7 6. Bxd7+ Nxd7 7. O-O
Ngf6 8. d4 Bd6 9. dxc5 Nxc5 10. Qxd5 Nxd5 11. Nbd2 O-O 12. Nc4 Bc7 13. g3 Rad8
14. Ne3 Nf6 15. Nc2 Nd3 16. Bg5 Bb6 17. Bxf6 gxf6 18. b3 Rc8 19. c4 e5 20. Ne3
Rfd8 21. Nd5 Kg7 22. Nxb6 axb6 23. Nh4 1/2-1/2

[Event "Campionato Provinciale Zevio 2020"]
[Site "?"]
[Date "2020.01.26"]
[Round "4.3"]
[White "Oppici, Gabriele"]
[Black "Bertani, Gianfranco"]
[Result "0-1"]
[WhiteElo "1946"]
[BlackElo "1939"]
[PlyCount "56"]
[EventDate "2020.??.??"]

1. Nc3 c5 2. Nf3 Nc6 {[%emt 0:00:00]} 3. d4 cxd4 4. Nxd4 e6 5. Bf4 a6 6. Nxc6
bxc6 7. Bd6 Bxd6 8. Qxd6 Qe7 9. Qc7 Nf6 10. e3 Qb4 11. O-O-O O-O 12. Rd4 Qb8
13. Qa5 d6 14. Be2 c5 15. Rd2 Bb7 16. Rhd1 d5 17. h3 Nd7 18. f4 Bc6 19. f5 Qb4
20. Qa3 Qxa3 21. bxa3 Ne5 22. g4 Rfb8 23. Rf1 Bb5 24. Nxb5 axb5 25. Kb2 Nc4+
26. Bxc4 bxc4+ 27. Ka1 c3 28. Rdd1 Rxa3 0-1

[Event "Campionato Provinciale Zevio 2020"]
[Site "?"]
[Date "2020.01.26"]
[Round "4.4"]
[White "Malni, Riccardo"]
[Black "Gneo, Marco"]
[Result "1-0"]
[WhiteElo "1938"]
[BlackElo "1724"]
[PlyCount "55"]
[EventDate "2020.??.??"]

1. Nf3 c5 2. g3 e6 3. Bg2 d5 4. O-O Nf6 5. d3 Nc6 6. Nbd2 Be7 7. e4 d4 8. a4 e5
9. Nc4 Qc7 10. Ne1 Be6 11. f4 Bxc4 12. dxc4 O-O 13. f5 Nd7 14. Nd3 b6 15. Qg4
Nf6 16. Qe2 Nd7 17. Kh1 Qd8 18. h4 Kh8 19. Qg4 g5 20. fxg6 fxg6 21. Bh6 Rf6 22.
Bh3 Rxf1+ 23. Rxf1 Nf6 24. Qe6 Nxe4 25. Rf7 Nxg3+ 26. Kh2 Nh5 27. Qxc6 Rc8 28.
Qxc8 1-0

[Event "Campionato Provinciale Zevio 2020"]
[Site "?"]
[Date "2020.01.26"]
[Round "4.5"]
[White "Righi, Francesco"]
[Black "Gemma, Stefano"]
[Result "1-0"]
[WhiteElo "1806"]
[BlackElo "1558"]
[PlyCount "99"]
[EventDate "2020.??.??"]

1. e4 e5 2. Nf3 Nc6 3. Bb5 Bc5 4. O-O d6 5. h3 Nf6 6. d4 exd4 7. Nxd4 Bd7 8.
Bxc6 bxc6 9. Nc3 O-O 10. Bg5 Rb8 11. Nb3 Bb4 12. Qf3 Re8 13. Rfe1 Re6 14. a3
Bxc3 15. Qxc3 Qe8 16. Bxf6 Rxf6 17. Re3 Rb5 18. Nd4 Re5 19. Rae1 c5 20. Nf3 Re7
21. Qa5 c6 22. Qc3 h6 23. e5 Rxf3 24. Rxf3 d5 25. Qxc5 Rxe5 26. Rfe3 f6 27.
Qxa7 Bf5 28. Rxe5 fxe5 29. c3 Qg6 30. Re3 Be4 31. Rg3 Qf6 32. Qe3 Bc2 33. Qf3
Qe7 34. Qg4 c5 35. Qe2 Bf5 36. b4 cxb4 37. axb4 Qc7 38. Qd2 Qc6 39. Qe3 Qf6 40.
Rf3 e4 41. Rg3 g5 42. b5 Bd7 43. b6 Bc6 44. h4 g4 45. Rxg4+ Kh7 46. h5 Qf5 47.
Rg6 Qxh5 48. Rxc6 Qd1+ 49. Kh2 Qh5+ 50. Qh3 1-0

[Event "Campionato Provinciale Zevio 2020"]
[Site "?"]
[Date "2020.01.26"]
[Round "4.6"]
[White "Adami, Antonio"]
[Black "Bonavigo, Claudio"]
[Result "1-0"]
[WhiteElo "1717"]
[BlackElo "1759"]
[PlyCount "101"]
[EventDate "2020.??.??"]

1. d4 d6 2. Bf4 Nf6 3. Nc3 g6 4. e4 Bg7 5. Qd2 O-O 6. O-O-O c6 7. Bh6 b5 8. h4
Bxh6 9. Qxh6 Ng4 10. Qf4 h5 11. Nh3 Kg7 12. f3 Nh6 13. Kb1 Na6 14. Ne2 Bxh3 15.
Rxh3 e6 16. g4 Kh7 17. gxh5 gxh5 18. Ng3 e5 19. Qe3 Qf6 20. Nxh5 Qg6 21. Qg5 f6
22. Qxg6+ Kxg6 23. Ng3 Rad8 24. c3 Nc7 25. Bd3 Ne6 26. Ne2 a6 27. Rg1+ Kf7 28.
Rhg3 Rg8 29. Kc2 Rxg3 30. Rxg3 Rh8 31. d5 cxd5 32. exd5 Nc5 33. h5 Nxd3 34.
Kxd3 Nf5 35. Rh3 Ke7 36. b4 Kd7 37. Ke4 Nh6 38. Ng3 Nf7 39. f4 Rc8 40. Ne2 exf4
41. Kxf4 Nh6 42. Rg3 Ke7 43. Rg7+ Nf7 44. Kf5 Rh8 45. Ng3 Kf8 46. Rg6 Nh6+ 47.
Kf4 Kf7 48. Ne4 Ng8 49. Nxd6+ Ke7 50. Nf5+ Kd7 51. Rg7+ 1-0

[Event "Campionato Provinciale Zevio 2020"]
[Site "?"]
[Date "2020.01.26"]
[Round "4.7"]
[White "Nori, Marco"]
[Black "Jimchi, Abdelaziz"]
[Result "0-1"]
[WhiteElo "1456"]
[BlackElo "1758"]
[PlyCount "106"]
[EventDate "2020.??.??"]

1. c4 b6 2. Nc3 Bb7 3. d3 e6 4. e4 g6 5. Nf3 Bg7 6. Be2 Ne7 7. O-O c5 8. Rb1 d5
9. cxd5 exd5 10. Bf4 Bxc3 11. bxc3 dxe4 12. dxe4 Qxd1 13. Rbxd1 Bxe4 14. Bb5+
Bc6 15. a4 O-O 16. Ne5 f6 17. Nxc6 Nbxc6 18. Rfe1 Rfd8 19. g3 Rxd1 20. Rxd1 Rd8
21. Rxd8+ Nxd8 22. Bb8 Ndc6 23. Bd6 Kf7 24. Bc4+ Ke8 25. Bb5 Kd8 26. Kg2 Kc8
27. h4 Kb7 28. Bc4 Na5 29. Be2 Nac6 30. Bf3 Ka6 31. g4 Ka5 32. Bd1 Nc8 33. Bf8
N8e7 34. Bh6 b5 35. axb5 Kxb5 36. Bd2 c4 37. f4 a5 38. Kf3 a4 39. Ke4 Na5 40.
Bc1 Nb3 41. Bb2 Nc5+ 42. Ke3 Nd3 43. Ba1 Nd5+ 44. Kd4 N5xf4 45. Bxa4+ Kxa4 46.
Kxc4 Ne5+ 47. Kc5 Kb3 48. c4 Nxg4 49. Kb5 Ne6 50. c5 f5 51. Bh8 f4 52. c6 f3
53. Kb6 f2 0-1

[Event "Campionato Provinciale Zevio 2020"]
[Site "?"]
[Date "2020.01.26"]
[Round "4.9"]
[White "Margareci, Massimo"]
[Black "Vujicic, Luigi"]
[Result "1/2-1/2"]
[WhiteElo "1601"]
[BlackElo "1699"]
[PlyCount "51"]
[EventDate "2020.??.??"]

1. d4 Nf6 2. Nf3 e6 3. Bf4 c5 4. c3 Nc6 5. e3 d5 6. Nbd2 Bd6 7. Bg3 O-O 8. Bd3
Re8 9. Ne5 Qc7 10. f4 b6 11. Bh4 Nd7 12. Bxh7+ Kf8 13. Qh5 Ndxe5 14. fxe5 Be7
15. Bxe7+ Nxe7 16. Rf1 Nf5 17. Bxf5 exf5 18. Qh8+ Ke7 19. Qxg7 Be6 20. Qg5+ Kd7
21. Qf4 Rg8 22. Rf2 Rg4 23. Qf3 Rag8 24. Nf1 Qd8 25. h3 R4g6 26. O-O-O 1/2-1/2

[Event "Campionato Provinciale Zevio 2020"]
[Site "?"]
[Date "2020.01.26"]
[Round "4.10"]
[White "Antolini, Aldo"]
[Black "Zanaglia, Renato"]
[Result "0-1"]
[WhiteElo "1545"]
[BlackElo "1704"]
[PlyCount "124"]
[EventDate "2020.??.??"]

1. e4 c5 2. Nf3 Nc6 3. d4 cxd4 4. Nxd4 d6 5. Nc3 Nf6 6. Be3 e6 7. Be2 Be7 8.
Bb5 Bd7 9. Be2 a6 10. Bf3 O-O 11. O-O Ne5 12. Be2 Rc8 13. f3 Ng6 14. Qd2 Qa5
15. Nb3 Qc7 16. Rad1 Rfd8 17. Bd3 Bc6 18. Qf2 Qb8 19. Na5 d5 20. exd5 Nxd5 21.
Nxc6 Rxc6 22. Nxd5 Rxd5 23. Rde1 Rc8 24. Ba7 Qd6 25. Be3 Bf6 26. Be4 Rb5 27. c3
Nf4 28. Rd1 Qc7 29. Qd2 Nd5 30. Bf2 Nb6 31. Bg3 Be5 32. Bxe5 Rxe5 33. Bxb7 Rb8
34. Bxa6 Ra5 35. Bd3 Rxa2 36. Rf2 g6 37. Bb1 Nc4 38. Qd7 Qxd7 39. Rxd7 Raxb2
40. Ba2 Rxf2 41. Bxc4 Rc2 42. h3 Rxc3 43. Bd3 Rc1+ 44. Kh2 Rd1 45. Bb5 Rxd7 46.
Bxd7 e5 47. Bc6 f5 48. Kg3 Kg7 49. h4 Kf6 50. Kh3 h6 51. Kg3 Rb4 52. Kh3 e4 53.
fxe4 fxe4 54. Kg3 Ke5 55. Be8 g5 56. hxg5 hxg5 57. Bh5 Kd4 58. Kf2 e3+ 59. Ke1
Rb2 60. Kf1 Kd3 61. Bg6+ Kd2 62. g3 e2+ 0-1

[Event "Campionato Provinciale Zevio 2020"]
[Site "?"]
[Date "2020.01.26"]
[Round "4.11"]
[White "Rizzati, Aldo"]
[Black "Leone, Cataldo"]
[Result "1-0"]
[WhiteElo "1744"]
[BlackElo "1503"]
[PlyCount "87"]
[EventDate "2020.??.??"]

1. d4 d5 2. c4 c6 3. Nf3 Nf6 4. Nc3 e6 5. Bg5 Nbd7 6. e3 Qa5 7. Bxf6 Nxf6 8. a3
Ne4 9. Qc2 Bb4 10. Rc1 Bxc3+ 11. bxc3 Qxa3 12. Bd3 f5 13. O-O O-O 14. Ne5 Qe7
15. f3 Nd6 16. c5 Nf7 17. Nxf7 Rxf7 18. f4 Bd7 19. Rb1 Bc8 20. Rf2 Qc7 21. g4
g6 22. g5 Bd7 23. Qa2 Rff8 24. Rfb2 Rfb8 25. c4 b6 26. cxd5 cxd5 27. Rc2 b5 28.
c6 Bxc6 29. Rbc1 Rb6 30. Bxb5 Rxb5 31. Rxc6 Qa5 32. Qc2 Rbb8 33. Rxe6 Qd8 34.
Qa2 a5 35. Re5 Rb5 36. Rc5 Rab8 37. Rxb5 Rxb5 38. Qc2 Qb8 39. Qc6 Rb1+ 40. Kg2
Rb2+ 41. Kh3 Kf7 42. Qxd5+ Kf8 43. Qc5+ Kf7 44. Re7+ 1-0

[Event "Campionato Provinciale Zevio 2020"]
[Site "?"]
[Date "2020.01.26"]
[Round "4.12"]
[White "Marcori, Mirko"]
[Black "Zangrandi, Giulio"]
[Result "1-0"]
[WhiteElo "1649"]
[BlackElo "1174"]
[PlyCount "190"]
[EventDate "2020.??.??"]

1. d4 d5 2. Nf3 Nf6 3. g3 Bf5 4. Bg2 Qd7 5. Ne5 Qc8 6. h3 Nbd7 7. Nxd7 Qxd7 8.
Bf4 e6 9. Nd2 Nh5 10. Be3 Nf6 11. Bf4 Bd6 12. Be5 Qe7 13. c3 c6 14. Nf3 h6 15.
Qb3 Rb8 16. Qa4 a6 17. a3 O-O 18. O-O Nd7 19. Bxd6 Qxd6 20. Nd2 b5 21. Qd1 Ra8
22. e4 Bh7 23. e5 Qe7 24. a4 Rfb8 25. axb5 axb5 26. Qe2 Nb6 27. Nb3 Nd7 28. Na5
Ra6 29. Nb3 Raa8 30. Na5 Ra6 31. Ra2 Qe8 32. b4 Qc8 33. Rfa1 Rba8 34. f4 Kf8
35. g4 Nb6 36. g5 Na4 37. Ra3 hxg5 38. fxg5 R8a7 39. Qh5 Kg8 40. Bf1 Nb2 41.
Qf3 Be4 42. Qe3 Na4 43. h4 g6 44. Bd3 Bf5 45. Bxf5 exf5 46. Qf3 Qe6 47. Qf4 Kg7
48. R1a2 Kg8 49. Rh2 Kh8 50. h5 Kg8 51. hxg6 Qxg6 52. Rh6 Qg7 53. Qxf5 Ra8 54.
Rxc6 Rxc6 55. Nxc6 Re8 56. Ra2 Re6 57. Nd8 Rg6 58. Rg2 Nxc3 59. Qc8 Qf8 60.
Qxc3 Qxd8 61. Qc1 Qb6 62. Qc8+ Kg7 63. Qc5 Qxc5 64. dxc5 d4 65. Kf2 Kf8 66. Kf3
Ke7 67. Kf4 Ke6 68. c6 Kd5 69. Ra2 Rxc6 70. Ra7 Ke6 71. Rb7 d3 72. Ke3 d2 73.
Kxd2 Kxe5 74. Rxb5+ Kd4 75. Rf5 Rg6 76. b5 Kc4 77. Ke3 Re6+ 78. Kf4 Re7 79. b6
Rb7 80. Rf6 Kd5 81. Kf5 Kc5 82. Kg4 Rb8 83. Rxf7 Rxb6 84. Kf5 Kd5 85. g6 Rb1
86. Rd7+ Kc6 87. Rd4 Rf1+ 88. Ke6 Kc5 89. Rd5+ Kc6 90. Rg5 Re1+ 91. Kf7 Kd6 92.
g7 Rf1+ 93. Kg6 Ke7 94. g8=Q Rf6+ 95. Kh5 Re6 1-0

[Event "Campionato Provinciale Zevio 2020"]
[Site "?"]
[Date "2020.01.26"]
[Round "4.13"]
[White "Zonta, Riccardo"]
[Black "Di Giovanni, Giuseppe"]
[Result "0-1"]
[WhiteElo "1488"]
[BlackElo "1642"]
[PlyCount "56"]
[EventDate "2020.??.??"]

1. e4 c6 2. c4 g6 3. Nc3 Bg7 4. Nf3 d6 5. d4 Nd7 6. Be3 e5 7. d5 c5 8. Be2 Ne7
9. O-O f5 10. Qc2 f4 11. Bd2 O-O 12. Rfe1 h6 13. Bf1 g5 14. h3 Ng6 15. Ne2 Nf6
16. Kh1 g4 17. hxg4 Nxg4 18. Kg1 Nh4 19. Qd3 Kh8 20. Nxh4 Qxh4 21. Qh3 Qxf2+
22. Kh1 Ne3 23. Qf3 Qxf3 24. gxf3 Nc2 25. Kg1 Rg8 26. Bg2 Bf6 27. Rec1 Nxa1 28.
Rxa1 Bh3 0-1

[Event "Campionato Provinciale Zevio 2020"]
[Site "?"]
[Date "2020.01.26"]
[Round "4.14"]
[White "Pisani, Valerio"]
[Black "Prealta, Fiorenzo"]
[Result "1-0"]
[WhiteElo "1632"]
[BlackElo "1139"]
[PlyCount "69"]
[EventDate "2020.??.??"]

1. e4 b6 2. d4 Bb7 3. Bd3 e6 4. Nf3 d6 5. Nc3 a6 6. O-O Ne7 7. Bg5 f6 8. Bf4
Nd7 9. Re1 b5 10. e5 dxe5 11. dxe5 f5 12. Qe2 h6 13. Rad1 g5 14. Nd4 Kf7 15.
Qh5+ Ng6 16. Nxe6 Qe7 17. Bxf5 Rg8 18. Rxd7 Qxd7 19. Nxg5+ hxg5 20. Bxd7 gxf4
21. Qf5+ Kg7 22. Qf7+ Kh6 23. e6 Bg7 24. Qf5 Ne7 25. Qxf4+ Kh7 26. Qh4+ Bh6 27.
g3 Rg7 28. Ne4 Ng8 29. e7 Nxe7 30. Nf6+ Kg6 31. Be8+ Rxe8 32. Nxe8 Rf7 33. Rxe7
Bg5 34. Re6+ Kf5 35. Qh3# 1-0

[Event "Campionato Provinciale Zevio 2020"]
[Site "?"]
[Date "2020.01.26"]
[Round "4.15"]
[White "Lissandrini, Lisa"]
[Black "Venturini, Valter"]
[Result "1/2-1/2"]
[WhiteElo "1440"]
[BlackElo "1193"]
[PlyCount "138"]
[EventDate "2020.??.??"]

1. d4 f5 2. Nf3 Nf6 3. e3 e6 4. b3 Bb4+ 5. c3 Be7 6. Bb2 O-O 7. Bd3 d6 8. Nbd2
a6 9. e4 fxe4 10. Nxe4 Nxe4 11. Bxe4 d5 12. Bd3 Nd7 13. O-O Nf6 14. Ne5 Nd7 15.
Qh5 g6 16. Nxg6 Rf7 17. Nxe7+ Qxe7 18. c4 c6 19. Rae1 Nf6 20. Qe2 Bd7 21. Qd1
Rg7 22. f3 Nh5 23. Qd2 Qf7 24. Bc1 Rf8 25. f4 Qf6 26. Qf2 Qf7 27. Re5 Nf6 28.
Rg5 Be8 29. Qh4 Ne4 30. Bxe4 dxe4 31. Rxg7+ Qxg7 32. Re1 Bg6 33. f5 exf5 34.
Bh6 Qf6 35. Qxf6 Rxf6 36. Bf4 Bh5 37. Rf1 Rg6 38. Rf2 Rg4 39. Be5 Bg6 40. Kf1
Kf7 41. d5 e3 42. Rf3 Re4 43. Bc3 Bh5 44. Rh3 Rf4+ 45. Kg1 e2 46. g4 Rxg4+ 47.
Kf2 Kg6 48. Rg3 f4 49. d6 e1=Q+ 50. Kxe1 fxg3 51. hxg3 Re4+ 52. Kd2 Bg4 53. a4
Re8 54. Bd4 Rf8 55. Be5 Rf3 56. b4 Rb3 57. Bc3 Kf7 58. Kc2 Ra3 59. Kb2 Rxa4 60.
Kb3 b5 61. Be5 Be6 62. Kb2 Rxb4+ 63. Ka3 Rxc4 64. g4 Rxg4 65. Bh2 Ke8 66. Be5
Kd7 67. Bh2 c5 68. Be5 Rh4 69. Bh2 Rxh2 1/2-1/2

[Event "Campionato Provinciale Zevio 2020"]
[Site "?"]
[Date "2020.01.26"]
[Round "4.16"]
[White "Pompele, Andrea"]
[Black "Negro, Raffaele"]
[Result "0-1"]
[WhiteElo "1456"]
[BlackElo "1809"]
[PlyCount "48"]
[EventDate "2020.??.??"]

1. e4 b6 2. d4 Bb7 3. Bd3 Nf6 4. f3 e6 5. Ne2 d5 6. e5 Nfd7 7. O-O c5 8. c3 Nc6
9. Be3 cxd4 10. cxd4 Nb4 11. Bb5 Rc8 12. Nbc3 a6 13. Ba4 b5 14. Bb3 Nb6 15. a3
Nc6 16. Ba2 Nc4 17. Bc1 Qb6 18. Bb1 N6xe5 19. b3 Na5 20. Bf4 Ng6 21. Bg3 Nc6
22. Bf2 Bd6 23. Bxg6 hxg6 24. Qd2 Bxh2+ 0-1

[Event "Campionato Provinciale Zevio 2020"]
[Site "?"]
[Date "2020.01.26"]
[Round "5.2"]
[White "Bertani, Gianfranco"]
[Black "Pieropan, Giorgio"]
[Result "1-0"]
[WhiteElo "1939"]
[BlackElo "1801"]
[PlyCount "69"]
[EventDate "2020.??.??"]

1. d4 Nf6 2. e3 e6 3. Bd3 c5 4. c3 cxd4 5. exd4 d5 6. Nf3 Nc6 7. O-O h6 8. Nbd2
Bd6 9. Qe2 Qc7 10. Re1 Bd7 11. Ne5 Bxe5 12. dxe5 Ng8 13. Nf3 Nge7 14. Bd2 a6
15. b4 b5 16. a3 Nc8 17. Nd4 Nb6 18. Nb3 Na4 19. Rac1 Nb2 20. f4 Nxd3 21. Qxd3
Ne7 22. Nc5 O-O 23. Be3 Nc8 24. g4 Nb6 25. Bd4 Nc4 26. f5 Rfe8 27. Re2 a5 28.
Rg2 Qd8 29. g5 h5 30. g6 fxg6 31. Rxg6 Rf8 32. Qg3 Rxf5 33. Rxg7+ Kh8 34. Nxd7
Nd2 35. Nf6 1-0